000 00279nam a2200109Ia 4500
001 1275938
005 20260417160437.0
008 260417s9999 xx 000 0 und d
020 _a9786256910027
245 0 _aMasal Krallığı - Cezeri
_cDidem Demirel
260 _bKetebe Çocuk
999 _c1275938
_d1275938